Normal view
MARC view
Entry Personal Name
001 - CONTROL NUMBER
- control field: 86642
003 - CONTROL NUMBER IDENTIFIER
- control field: dpl
005 - DATE AND TIME OF LATEST TRANSACTION
- control field: 20260120144313.0
008 - FIXED-LENGTH DATA ELEMENTS
- fixed length control field: 260120|| aca||aabn | a|a d
040 ## - CATALOGING SOURCE
- Original cataloging agency: dpl
- Transcribing agency: dpl
100 ## - HEADING--PERSONAL NAME
- Personal name: Pant, Harsh V
670 ## - SOURCE DATA FOUND
- Source citation: Work cat.: (dpl)214313: Pant, Harsh V , Operation Sindoor and Its Aftermath Redefining Indias Military Response and Diplomatic Engagement/, 2025
